000 02512nam a2200337 i 4500
001 188896
003 ES-MaACL
005 20250408063100.0
008 190221s2017 sp |||| |dspa d
020 _a978-84-16950-44-7
040 _cES-MaACL
080 _a929 Laforet, Camen
080 _a929 Fortún, Elena
100 1 _aLaforet, Carmen,
_d1921-2004
_969515
_eaut
245 1 0 _aDe corazón y alma :
_b(1947-1952) /
_cCarmen Laforet y Elena Fortún ; prólogos de Cristina Cerezales Laforet, Silvia Cerezales Laforet y Nuria Capdevila-Argüelles ; selección de Cristina Cerezales Laforet.
260 _a[Madrid] :
_bFundación Banco Santander,
_c[2017].
300 _a137 p. ;
_c24 cm.
490 1 _aCuadernos de obra fundamental
520 _aEn "De corazón y alma" nos damos de bruces con dos escritoras de excepción, dos mujeres que entregan hasta el tuétano del espíritu en sus palabras, dos pioneras cada una en su generación, defensoras de la libertad del individuo para ser y sentir; la una, Elena, a las puertas de la muerte batiéndose con el sufrimiento, y la otra, Carmen, en el fulgor de su carrera literaria, apremiada por el éxito y la necesidad de recogimiento interior. Estamos ante un libro revelador como pocos, trenzado de cartas que rebosan hondura y verdad por sus cuatro costados, y que nos llevan como el viento a las hojas de la vida a la muerte, de la duda a la certeza, de la alegría a la tristeza, y de la literatura a la vida. "Verdaderamente la quiero y me quedo asombrada de ello. Su divina humildad diciendo (¡usted que es en estos momentos la primera escritora española!) que aprendió a escribir de mí... me conmueve hasta los huesos." Elena Fortún da comienzo así en 1947 a este epistolario con la joven escritora Carmen Laforet, reciente ganadora del Premio Nadal, que muestra su admiración amorosa y devota a la creadora de Celia que tanto le había inspirado.
600 1 4 _aLaforet, Carmen,
_d1921-2004-
_vCorrespondencia
_969516
600 1 7 _aFortún, Elena,
_d1886-1952-
_vCorrespondencia
_9166427
700 1 _aFortún, Elena,
_d1886-1952
_9166428
_eaut
700 0 _aCerezales Laforet, Cristina
_937492
_epbl
710 2 _aFundación Banco Santander.
_9147458
830 0 _aCuadernos de obra fundamental
_9192594
852 _aES-MaACL
_jA-14389
_9196030
_bR.151718
_cDEPO1
_dOlim: N-7389
942 _cMONOGRAFIA
_n0
999 _c188896
_d188896